000 00719nam a2200229Ia 4500
003 OSt
005 20221006153554.0
006 a|||||r|||| 00| 0
007 ta
008 221006b |||||||| |||| 00| 0 kor d
024 _a32,732
037 _bGift, Korean Embassy
_cVideo
040 _aEASL
_cEASL
_bkor
041 _2kor
_akor
100 _aNational Centre for Korea n traditional performing arts
_9664457
245 0 _aHanguk-ui umakkwa muyeong
_b Korean music and dance
260 _aSeoul
_bNCKTPA
_c2006
300 _a DVD
_ccm.
650 _aArts-Sprituality
_9664458
942 _cAUD
_2CC
999 _c1100818
_d1100818